00285nam a2200121Ia 4500008004100000041000800041082001600049100000800065245003000073260002000103300002900123365001100152240624s9999 xx 000 0 und d aeng a658.155 DUN aDUN aFINANCIAL RISK MANAGEMENT c2010aHill,2010 ax, : 244 : p. : cm. ; 23 cRSb20